000 01869nam a22002777a 4500
999 _c38475
_d38475
005 20251125232930.0
008 s2545 th tha d
040 _aNALT
041 _atha
090 _aKD 219.G3.1 ส532ร 2545 / สผ 11 3.5 328.3 2545
100 0 _aสังคม คำมุงคุณ
110 0 _aสำนักงานเลขาธิการสภาผู้แทนราษฎร. สำนักความสัมพันธ์ระหว่างประเทศ
245 1 0 _aรัฐสภาสหพันธ์สาธารณรัฐเยอรมนี = The Parliament National of the Federal Republic of Germany
260 3 _aกรุงเทพฯ :
_bสำนักการพิมพ์ สำนักงานเลขาธิการสภาผู้แทนราษฎร,
_c2545
300 _a37 หน้า :
_b ตาราง, แผนผัง ;
_c 20 ซม.
610 _aสำนักงานเลขาธิการสภาผู้แทนราษฎร. สำนักความสัมพันธ์ระหว่างประเทศ
650 0 4 _aรัฐสภา
650 0 4 _aรัฐสภาสหพันธ์สาธารณรัฐเยอรมนี
650 0 4 _aเยอรมัน -- การเมืองและการปกครอง
650 0 4 _aเยอรมัน -- ประวัติศาสตร์
650 0 4 _aเยอรมัน -- ประวัติศาสตร์เยอรมัน -- การเมืองและการปกครองรัฐสภาสหพันธ์สาธารณรัฐเยอรมนีรัฐสภา
850 _aNALT
856 4 0 _uhttps://hdl.handle.net/20.500.14156/467844
942 _cLB
_2lcc